Информатика и программирование (Запись № 150861)

Подробности
000 -МАРКЕР
контрольное поле 02168nam0a2200349 4500
001 - ИДЕНТИФИКАТОР ЗАПИСИ
контрольное поле RU\NLR\bibl\941328
005 - ИДЕНТИФИКАТОР ВЕРСИИ
контрольное поле 20260419030340.0
010 ## - МЕЖДУНАРОДНЫЙ СТАНДАРТНЫЙ НОМЕР КНИГИ (ISBN)
Номер (ISBN) 5-902894-05-0
Тираж 2000
021 ## - НОМЕР ГОСУДАРСТВЕННОЙ РЕГИСТРАЦИИ
Код страны Российская Федерация
Номер 2006-17389
Номер Листа государственной регистраци 864
035 ## - ДРУГИЕ СИСТЕМНЫЕ НОМЕРА
Идентификатор записи (NLR Aleph) 000929509
100 ## - ДАННЫЕ ОБЩЕЙ ОБРАБОТКИ
Данные общей обработки 20060502d2006 u y0rusy50 ca
101 0# - ЯЗЫК РЕСУРСА
Язык текста, звукозаписи и т.д. русский
102 ## - СТРАНА ПУБЛИКАЦИИ ИЛИ ПРОИЗВОДСТВА
Страна публикации Российская Федерация
105 ## - ПОЛЕ КОДИРОВАННЫХ ДАННЫХ: ТЕКСТОВЫЕ МАТЕРИАЛЫ, МОНОГРАФИЧЕСКИЕ
Кодированные данные о монографическом текстовом документе a |||||||||
200 1# - ЗАГЛАВИЕ И СВЕДЕНИЯ ОБ ОТВЕТСТВЕННОСТИ
Основное заглавие Информатика и программирование
Сведения, относящиеся к заглавию учебник
-- для студентов ВУЗов, обучающихся по специальности 351400 "Прикладная информатика (по областям)" и другим междисциплинарным специальностям
Первые сведения об ответственности Е.П. Истомин, С.Ю. Неклюдов, В.И. Романченко
Последующие сведения об ответственности Рос. гос. гидрометеорол. ун-т
210 ## - ПУБЛИКАЦИЯ, РАСПРОСТРАНЕНИЕ И ДР.
Место издания, распространения и т.д. Санкт-Петербург
Имя издателя, распространителя и т. д. Андреевский издательский дом
Дата издания, распространения и т.д. 2006
215 ## - ФИЗИЧЕСКАЯ ХАРАКТЕРИСТИКА
Специфическое обозначение материала и объем 248 с.
Другие сведения о физической характеристике ил.
Размеры 24
225 1# - СЕРИЯ
Основное заглавие серии Гриф УМО
300 ## - ОБЩИЕ ПРИМЕЧАНИЯ
Текст примечания В конце кн. авт.: Истомин Евгений Петрович, д.т.н., проф.,Неклюдов Сергей Юрьевич, к.т.н., доц., Романченко Владимир Иванович, к.э.н., проф.
320 ## - ПРИМЕЧАНИЯ О НАЛИЧИИ В ДОКУМЕНТЕ БИБЛИОГРАФИИ / УКАЗАТЕЛЯ
Текст примечания Библиогр.: с. 243-247 (120 назв.)
606 1# - НАИМЕНОВАНИЕ ТЕМЫ КАК ПРЕДМЕТ
Наименование темы Информатика
Формальный подзаголовок Учебники для высших учебных заведений
Системный номер авторитетной/нормативной записи 2081274
Идентификатор авторитетной/нормативной записи RU\NLR\auth\661257251
606 ## - НАИМЕНОВАНИЕ ТЕМЫ КАК ПРЕДМЕТ
Наименование темы Программирование (компьют.)
Формальный подзаголовок Учебники для высших учебных заведений
Идентификатор авторитетной/нормативной записи RU\NLR\auth\661257252
Системный номер авторитетной/нормативной записи 2081275
686 ## - ИНДЕКСЫ ДРУГИХ КЛАССИФИКАЦИЙ
Индекс З973.23я73-1
700 #1 - ИМЯ ЛИЦА - ПЕРВИЧНАЯ ОТВЕТСТВЕННОСТЬ
Код отношения Автор
Материалы, к которым относится поле rus
Графика поля Кириллица
Начальный элемент ввода Истомин
Часть имени, кроме начального элемента ввода Е. П.
Даты 1953-
Расширение инициалов личного имени Евгений Петрович
Идентификатор авторитетной/нормативной записи RU\NLR\auth\7727219
Системный номер авторитетной/нормативной записи 10256
701 #1 - ИМЯ ЛИЦА - АЛЬТЕРНАТИВНАЯ ОТВЕТСТВЕННОСТЬ
Код отношения Автор
Материалы, к которым относится поле rus
Графика поля Кириллица
Начальный элемент ввода Неклюдов
Часть имени, кроме начального элемента ввода С. Ю.
Дополнения к именам, кроме дат канд. техн. наук
Даты 1951-
Расширение инициалов личного имени Сергей Юрьевич
Идентификатор авторитетной/нормативной записи RU\NLR\auth\7738870
Системный номер авторитетной/нормативной записи 21854
701 #1 - ИМЯ ЛИЦА - АЛЬТЕРНАТИВНАЯ ОТВЕТСТВЕННОСТЬ
Начальный элемент ввода Романченко
Часть имени, кроме начального элемента ввода В. И.
Даты 1960-
Расширение инициалов личного имени Владимир Иванович
Код отношения Автор
801 #0 - ИСТОЧНИК ЗАПИСИ
Страна Российская Федерация
Организация NLR
Дата составления 20060502
Правила каталогизации rcr
801 #1 - ИСТОЧНИК ЗАПИСИ
Страна Российская Федерация
Организация NLR
Дата составления 20060502
942 ## - ДОПОЛНИТЕЛЬНЫЕ ЭЛЕМЕНТЫ ЗАПИСИ (АБИС)
Тип экземпляра АБИС Книга
980 ## - КОЛЛЕКЦИЯ
Название коллекции Национальная библиография
Экземпляры
Тип экземпляра Дата поступления Источник поступления Библиотека постоянного хранения Библиотека текущего хранения Место хранения Шифр хранения Штрих-код Статус экземпляра Стоимость
Книга 02.05.2006 Обязательный экземпляр РНБ (Московский) РНБ (Московский) Русский книжный фонд: издания с 1957 года 2006-7/2265 2179851    
Книга 02.05.2006 Обязательный экземпляр РНБ (Московский) РНБ (Московский) Русский книжный фонд: издания с 1957 года 2006-7/2265 2179854    
Книга 26.03.2007 Покупка РНБ (Московский) РНБ (Московский) Фонд общего зала литературы по технике Т1 З973.233/И-896 1-414764   207.00